000 00603nam a2200193 a 4500
005 20140310183339.0
008 061113s19uu xx 00 eng d
020 _a1582556156
050 _aRM 302
_b.N87 2007
245 _aNursing 2007 dangerous drug interactions/.
260 _aPhiladelphia :
_bLippincott Williams & Wilkins,
_c2007.
300 _a824 p. :
_bill. ;
_c23 cm.
521 _aNUR
650 _aPharmacology
_xHandbooks, manuals, etc.
650 _aNursing
_xHandbook, manuals, etc.
650 _aDrug interactions
_xHandbooks, manuals, etc.
942 _cBK
_2lcc
_kFOR
999 _c21747
_d21747